=LDR 00000nam 2200000 4500 =001 INLIS000000001053632 =005 20250416091505 =035 ##$$a 0010-0425000033 =007 ta =008 250416###########################0###### =020 ##$$a 978-623-8280-38-4 =082 ##$$a 297.6 =084 ##$$a 297.6 Nur 2 =245 1#$$a Internalisasi Nilai Pendidikan Islam Pada Anak Terlantar /$c Nurkholis =250 ##$$a 1 =300 ##$$a 132 halaman ; $c 23 cm$e Lain-lain =500 ##$$a Bigrafi : hal 132 =650 #4$$a Pendidikan Islam =520 ##$$a Bibliografi : hal 113 - 129 =264 ##$$a Praya :$b Pusat Pengembangan Pendidikan dan Penelitian Indonesia,$c 2023 =336 ##$$a Teks$2 rdacontent =337 ##$$a Buku$2 rdamedia =338 ##$$a Lain - lain$2 rdacarrier =990 ##$$a 04250425 =990 ##$$a 018/54/2025